000 01431nam a2200241 a 4500
001 000020204
005 20200929170319.0
008 100727s2004 cu 001 u spa d
020 _a9592096007
040 _aDO-SdBNP
_bspa
_cBNPHU
082 _a808.53
_bU47j
245 0 0 _aÚltimo jueves :
_blos debates de Temas.
260 _aLa Habana, Cuba :
_bUnión,
_c2004.
300 _a310 p. ;
_c22 cm.
504 _aIncluye bibliografía y notas al pie de páginas.
505 0 _tHacia una cultura del debate /
_rRafael Hernández --
_t"Con todos y para el bien de todos", la idea de República en José Martí --
_tIdentidad, conflictos raciales y discriminación en la República --
_tNicolás Guillén, aquí y ahora --
_t¿Qué significa ser marginal? --
_tLas ideas de la libertad, igualdad y democracia en el pensamiento contemporáneo --
_tCon los pobres de la tierra --
_t¿Cómo se forma un ciudadano? --
_tCiencia y cultura: comprensión de la complejidad --
_t¿Por qué emigran los cubanos? --
_tIslas bajo el sol. Sociedad, cultura y turismo --
_tEl habla popular y las normas sociales --
_t¿Creer en qué? Problemas de la conciencia religiosa y de sus manifestaciones.
650 4 _aDebates
_939876
650 4 _aPolítica y cultura
_98455
650 4 _aCultura popular
_zCuba
_942797
651 4 _aCuba
_xCondiciones Sociales
_xEnsayos, Conferencias, Etc.
_942798
910 _aValidado. Control de calidad EMS
049 _aBNPD
999 _c19711
_d19711